Y la educación superior abierta y a distancia

Na minha lista:
Detalhes bibliográficos
Corporate Authors: UNISUR (Author), Unidad Universitaria del Sur (Author)
Formato: Livro
Idioma:espanhol
Publicado em: Bogotá UNISUR 1983
Assuntos:
Tags: Adicionar Tag
Sem tags, seja o primeiro a adicionar uma tag!

MARC

LEADER 00000nam a2200000 a 4500
001 UCU1088
003 CL-VaPUC
008 960329e19830000CK |||||||||||||||||spa|d
082 0 4 |a 374.4  |b UNI  |2 21 
110 2 |a UNISUR  |e author  |9 356689 
710 2 |a Unidad Universitaria del Sur  |e author  |9 356690 
245 1 0 |a Y la educación superior abierta y a distancia 
300 |a 105 p 
942 |c BK 
945 |d 19960329 00:00:00  |a lriquelm 
260 |a Bogotá  |b UNISUR  |c 1983 
650 0 |a Educación superior   |9 223851 
650 0 |a Universidades  |9 256317 
650 7 |a CURSOS POR CORRESPONDENCIA  |2 CL-VaPUC  |9 354734 
650 0 |a Educación a distancia   |9 308343 
583 |a last modification  |c 20170824 04:24:28  |k Rodrigo Vera 
999 |c 245840  |d 245838 
952 |0 0  |1 0  |4 0  |6 374_400000000000000_UNI_1983  |7 0  |8 P  |9 260447  |a BIBEDU  |b BIBEDU  |c BIBEDU_PB  |d 2019-11-19  |i 200884K  |o 374.4 UNI 1983  |p 200884K  |r 2024-01-25  |w 2019-11-19  |y BK  |k EDU